000 00358nam a2200133Ia 4500
005 20260326235503.0
008 260326s9999||||xx |||||||||||||| ||und||
100 _aRodríguez, José Wasth
245 0 _aDocumentario arquitetonico /
_cJosé Wasth Rodríguez
260 _bBelo Horizonte
300 _a326 p.
650 _aARQUITECTURA RESIDENCIAL
942 _cBK
999 _c8108
_d8108